• 首页
  • 本馆介绍
  • 公告通知
  • 最新文献
  • 馆藏检索
  • 电子资源
  • 读者导购
  • 参考咨询
  • 我的图书馆
  • 登录
  • 详细信息显示
  • 放入我的书架
  • 预约/预借图书
  • 作者相关作品
  • 分类相关作品
  • 丛书相关作品
  • 出版社相关作品

书目信息

  • 表格格式
  • 工作单格式
  • 卡片格式
题名:
中华人文古树
    
 
作者: 李青松 主编 ;中国 编
分册:  
出版信息: 北京   中国林业出版社  2016
页数: 215页
开本: 29cm
丛书名:
单 册:
中图分类: S717.2
科图分类:
主题词: 树木--shu mu--介绍--中国
电子资源:
ISBN: 978-7-5038-8341-5
000 01039nam0 2200265 45
001 012001001769
005 20140109083734.0
010    @a978-7-5038-8341-5@b精装@dCNY260.00
099    @aCAL 012017085279
100    @a20170527d2016 em y0chiy50 ea
101 0  @achi
102    @aCN@b110000
105    @aaf z 000yy
106    @ar
200 1  @a中华人文古树@Azhong hua ren wen gu shu@f国家林业局森林病虫害防治总站编
210    @a北京@c中国林业出版社@d2016
215    @a215页@c彩图@d29cm
314    @a本书主编: 李青松
330    @a本书精选全国100棵百年以上数经风雨, 历尽磨难, 或阅尽人间沧桑, 见证荣辱兴衰的名木, 分别介绍了每棵古树的人文故事以及生物学特性、生态特征、生存现状、保健措施等内容。为传承古树文化、有针对性保护古树生长环境等提供了有益的参考, 极具参考价值。
606 0  @a树木@Ashu mu@x介绍@y中国
690    @aS717.2@v5
701  0 @a李青松@Ali qing song@4主编
712 01 @a中国@Azhong guo@b国家林业局@Bguo jia lin ye ju@b森林病虫害防治总站@4编
801  0 @aCN@b北京卓展@c20191020
905    @b1202551-2@dS717.2@e126@f2
    
    中华人文古树/国家林业局森林病虫害防治总站编.-北京:中国林业出版社,2016
    215页:彩图;29cm
    
    
    ISBN 978-7-5038-8341-5(精装):CNY260.00
    本书精选全国100棵百年以上数经风雨, 历尽磨难, 或阅尽人间沧桑, 见证荣辱兴衰的名木, 分别介绍了每棵古树的人文故事以及生物学特性、生态特征、生存现状、保健措施等内容。为传承古树文化、有针对性保护古树生长环境等提供了有益的参考, 极具参考价值。
●
相关链接 在E读中查询图书 在五车中查询图书 在当当中查询图书 在豆瓣中查询图书


正题名:中华人文古树     索取号:S717.2/126         预约/预借

序号 登录号 条形码 馆藏地/架位号 状态 备注
1 1202551   212025510   第二样本阅览室/ [索取号:S717.2/126] 在馆    
2 1202552   212025529   第三借阅区/ [索取号:S717.2/126] 在馆    
唐山师范学院图书馆 欢迎您!
大连网信软件有限公司© 版权所有